| 000 | 00373nam a2200157Ia 4500 | ||
|---|---|---|---|
| 008 | 230524s9999 xx 000 0 und d | ||
| 082 |
_a4 _bRAJ |
||
| 100 |
_aV.Rajaraman _92240 |
||
| 245 | 0 | _aFundamentals of Computers (316p) | |
| 250 | _a2ND | ||
| 260 |
_aNEW DELHI _bPHI _c1998 |
||
| 300 | _aXI;316 | ||
| 500 | _aQuantity Number: 1 | ||
| 650 | _aComp-Sc | ||
| 942 | _cBK | ||
| 999 |
_c12964 _d12964 |
||